000 00521nam a2200169 4500
001 111325
003 ES-MaACL
005 20230906185301.0
007 t|
008 061121s1930 xxu r ||||1| eng d
100 1 _aNegus, V. E.
_985324
245 1 4 _aThe mecanism of the larynx /
_cby V. E. Negus; with an introduction by Sir Arthur Keith.
260 _aSt. Louis :
_bThe C. V. Mosby Company,
_c1930.
300 _aXXX, 528 p. :
_bil. ;
_c25 cm.
700 1 _aKeith, Sir Arthur.
_967740
852 _aES-MaACL
_jB-11190
999 _c111325
_d111325